000
00281nam a22001097a 4500
008
160503b xxu||||| |||| 00| 0 eng d
020
_a
9780763745127
041
_a
eng
080
_a
61
245
_a
Delivering health care in america:
_c
Leiyu Shi ; Douglas A. Singh;
942
_2
udc
_c
BK
999
_c
1735
_d
1735